Leila and the Madman : /

محفوظ في:

المؤلف الرئيسي: Abd al-Sabur, Salah

التنسيق: كتاب

اللغة: Undetermined

منشور في: Cairo : Ministry of Culture, 1999.

سلاسل: Prism literary series; 9

الوسوم: إضافة وسم

لا توجد وسوم, كن أول من يضع وسما على هذه التسجيلة!

رقم الطلب: PJ7804 .S3 L313

LEADER 00565nam a2200157Ia 4500
008 220401s9999||||xx |||||||||||||| ||und||
020 |a 9772362511 
050 4 |a PJ7804 .S3 L313 
100 1 |a Abd al-Sabur, Salah 
245 1 0 |a Leila and the Madman :  |b  /  |c Salah Abd al-Sabur. 
264 1 |a Cairo :  |b Ministry of Culture,  |c 1999. 
300 |a 132p. :  |b  ;  |c 20cm. 
490 0 |a Prism literary series; 9 
942 |2 lcc  |c BK 
952 |0 0  |1 0  |2 lcc  |4 0  |6 PJ7804 S3 L313  |7 1  |9 39308  |a ARCE  |b ARCE  |d 2022-04-01  |l 0  |o PJ7804 .S3 L313  |p 1038927  |r 2022-04-01 00:00:00  |w 2022-04-01  |y BK 
999 |c 46889  |d 46889